000 00308nam a2200121Ia 4500
008 220216s9999 xx 000 0 und d
100 _aSusevee Phanpitchaya
245 0 _aBenefits from cover crops
260 _bRubber International Magazine
_c2001
300 _a49-50
650 _aCover crops
942 _cJS
999 _c54704
_d54704